長野県の市町村(1960年) - Statistics

General Stats
  • This quiz has been taken 59 times
  • The average score is 111 of 147
Answer Stats
No. 市町村 備考 % Correct
1 長野市
100%
2 松本市
96%
3 上田市
96%
5 飯田市
96%
6 諏訪市
96%
12 大町市
96%
13 飯山市
96%
15 塩尻市
96%
4 岡谷市
92%
7 須坂市
92%
8 小諸市
92%
10 駒ヶ根市
92%
11 中野市
92%
14 茅野市
92%
17 更埴市 2003年消滅
92%
22 南佐久郡 小海町
92%
25 南佐久郡 南相木村
92%
26 南佐久郡 北相木村
92%
32 北佐久郡 立科町
92%
46 諏訪郡 富士見町
92%
47 諏訪郡 原村
92%
69 下伊那郡 根羽村
92%
72 下伊那郡 天龍村
92%
79 下伊那郡 大鹿村
92%
83 西筑摩郡 上松町 1968年郡改
92%
90 西筑摩郡 王滝村 1968年郡改
92%
91 西筑摩郡 大桑村 1968年郡改
92%
96 東筑摩郡 明科町 2005年消滅
92%
105 東筑摩郡 山形村
92%
106 東筑摩郡 朝日村
92%
108 南安曇郡 豊科町 2005年消滅
92%
109 南安曇郡 穂高町 2005年消滅
92%
115 北安曇郡 池田町
92%
116 北安曇郡 松川村
92%
119 北安曇郡 白馬村
92%
120 北安曇郡 小谷村
92%
134 下高井郡 木島平村
92%
135 下高井郡 野沢温泉村
92%
147 下水内郡 栄村
92%
9 伊那市
88%
21 南佐久郡 佐久町 2005年消滅
88%
23 南佐久郡 川上村
88%
24 南佐久郡 南牧村
88%
29 北佐久郡 軽井沢町
88%
31 北佐久郡 御代田町
88%
44 小県郡 青木村
88%
45 諏訪郡 下諏訪町
88%
50 上伊那郡 箕輪町
88%
53 上伊那郡 南箕輪村
88%
58 上伊那郡 宮田村
88%
60 下伊那郡 松川町
88%
61 下伊那郡 高森町
88%
62 下伊那郡 阿南町
88%
66 下伊那郡 阿智村
88%
68 下伊那郡 平谷村
88%
71 下伊那郡 売木村
88%
82 西筑摩郡 福島町 1967年消滅
88%
85 西筑摩郡 木祖村 1968年郡改
88%
126 埴科郡 坂城町
88%
129 上高井郡 小布施町
88%
133 下高井郡 山ノ内町
88%
136 上水内郡 信州新町 2010年消滅
88%
138 上水内郡 信濃町
88%
141 上水内郡 戸隠村 2005年消滅
88%
16 篠ノ井市 1966年消滅
83%
48 上伊那郡 高遠町 2006年消滅
83%
49 上伊那郡 辰野町
83%
55 上伊那郡 中川村
83%
70 下伊那郡 下條村
83%
73 下伊那郡 泰阜村
83%
78 下伊那郡 豊丘村
83%
100 東筑摩郡 坂北村 2005年消滅
83%
101 東筑摩郡 麻績村
83%
132 上高井郡 高山村
83%
143 上水内郡 小川村
83%
42 小県郡 和田村 2005年消滅
79%
51 上伊那郡 飯島町
79%
77 下伊那郡 喬木村
79%
81 下伊那郡 南信濃村 2005年消滅
79%
27 南佐久郡 八千穂村 2005年消滅
75%
35 北佐久郡 北御牧村 2004年消滅
75%
38 小県郡 長門町 2005年消滅
75%
39 小県郡 東部町 2004年消滅
75%
40 小県郡 真田町 2006年消滅
75%
94 西筑摩郡 山口村 1968年郡改
75%
98 東筑摩郡 四賀村 2005年消滅
75%
103 東筑摩郡 生坂村
75%
111 南安曇郡 安曇村 2005年消滅
75%
137 上水内郡 豊野町 2005年消滅
75%
140 上水内郡 三水村 2005年消滅
75%
142 上水内郡 鬼無里村 2005年消滅
75%
30 北佐久郡 望月町 2005年消滅
71%
36 小県郡 丸子町 2006年消滅
71%
41 小県郡 武石村 2006年消滅
71%
84 西筑摩郡 楢川村 1968年郡改
71%
88 西筑摩郡 開田村 1968年郡改
71%
112 南安曇郡 梓川村 2005年消滅
71%
113 南安曇郡 三郷村 2005年消滅
71%
114 南安曇郡 堀金村 2005年消滅
71%
121 更級郡 上山田町 2003年消滅
71%
128 埴科郡 戸倉町 2003年消滅
71%
18 南佐久郡 臼田町 2005年消滅
67%
34 北佐久郡 浅科村 2005年消滅
67%
65 下伊那郡 清内路村 2009年消滅
67%
86 西筑摩郡 日義村 1968年郡改
67%
89 西筑摩郡 三岳村 1968年郡改
67%
102 東筑摩郡 坂井村 2005年消滅
67%
104 東筑摩郡 波田村 1973年昇格
67%
110 南安曇郡 奈川村 2005年消滅
67%
124 更級郡 大岡村 2005年消滅
67%
139 上水内郡 牟礼村 2005年消滅
67%
144 上水内郡 中条村 2010年消滅
67%
146 下水内郡 豊田村 2005年消滅
67%
20 南佐久郡 中込町 1961年消滅
63%
57 上伊那郡 長谷村 2006年消滅
63%
67 下伊那郡 浪合村 2006年消滅
63%
80 下伊那郡 上村 2005年消滅
63%
99 東筑摩郡 本城村 2005年消滅
63%
118 北安曇郡 美麻村 2006年消滅
63%
127 埴科郡 松代町 1966年消滅
63%
117 北安曇郡 八坂村 2006年消滅
58%
95 西筑摩郡 田立村 1961年消滅
54%
28 北佐久郡 浅間町 1961年消滅
50%
37 小県郡 塩田町 1970年消滅
50%
59 下伊那郡 鼎町 1984年消滅
50%
63 下伊那郡 上郷村 1970年昇格
50%
92 西筑摩郡 読書村 1961年消滅
50%
122 更級郡 川中島町 1966年消滅
50%
130 上高井郡 若穂町 1966年消滅
50%
19 南佐久郡 野沢町 1961年消滅
46%
54 上伊那郡 西春近村 1965年消滅
46%
87 西筑摩郡 新開村 1967年消滅
46%
93 西筑摩郡 吾妻村 1961年消滅
46%
97 東筑摩郡 本郷村 1974年消滅
46%
107 東筑摩郡 洗馬村 1961年消滅
46%
123 更級郡 信更村 1966年消滅
46%
125 更級郡 更北村 1966年消滅
46%
145 上水内郡 七二会村 1966年消滅
46%
33 北佐久郡 東村 1961年消滅
42%
43 小県郡 川西村 1973年消滅
42%
52 上伊那郡 小野村 1961年消滅
42%
76 下伊那郡 上久堅村 1964年消滅
42%
131 上高井郡 東村 1971年消滅
42%
74 下伊那郡 千代村 1964年消滅
38%
64 下伊那郡 川路村 1961年消滅
33%
75 下伊那郡 竜江村 1964年消滅
25%
56 上伊那郡 河南村 1964年消滅
21%
No matching quizzes found
Score Distribution
Percent of People with Each Score
Percentile by Number Answered
Your Score History
You have not taken this quiz